[Event "Ghent Eastman op 41st"]
[Site "Ghent"]
[Date "2018.07.15"]
[Round "3"]
[White "Roos, David"]
[Black "Karthik, Venkataraman"]
[Result "1-0"]
[WhiteElo "2142"]
[BlackElo "2514"]
[PlyCount "87"]
[EventDate "2018.07.14"]
[EventType "swiss"]
[EventRounds "9"]
[EventCountry "BEL"]
[SourceTitle "CBM 185 Extra"]
[Source "ChessBase"]
[SourceDate "2018.07.29"]
[SourceVersion "1"]
[SourceVersionDate "2018.07.29"]
[SourceQuality "1"]

1. e4 c5 2. Nf3 d6 3. d4 Nf6 4. Nc3 cxd4 5. Nxd4 a6 6. Bg5 e6 7. f4 Qc7 8. Bxf6 gxf6 9. Qf3 Nc6 10. 0-0-0 h5 11. Kb1 Bd7 12. g3 Rc8 13. Nxc6 Bxc6 14. f5 b5 15. a3 Be7 16. Rd2 Qb6 17. Bh3 Bd7 18. Ne2 b4 19. fxe6 fxe6 20. Qb3 Rb8 21. Bxe6 Bxe6 22. Qxe6 bxa3 23. b3 Qc5 24. Nf4 Qe5 25. Qxe5 fxe5 26. Nd5 h4 27. Rhd1 Bg5 28. Rd3 hxg3 29. Rxg3 Bd8 30. Rd2 Rb7 31. Ka2 Rbh7 32. Rgg2 Rh4 33. Rde2 Kd7 34. Kxa3 a5 35. Ka4 Kc6 36. Re3 Rxh2 37. Rc3+ Kb7 38. Rg7+ Kb8 39. Nc7 Bxc7 40. Rcxc7 Rg8 41. Rb7+ Kc8 42. Rgc7+ Kd8 43. Kb5 Rgg2 44. Kb6 1-0

[Event "BEL-ch op"]
[Site "Worriken Buetgenbach"]
[Date "2016.07.04"]
[Round "3.2"]
[White "Roos, David"]
[Black "Sterck, Arno"]
[Result "0-1"]
[WhiteElo "2133"]
[BlackElo "2220"]
[PlyCount "122"]
[EventDate "2016.07.03"]
[EventType "swiss"]
[EventRounds "9"]
[EventCountry "BEL"]
[SourceTitle "EXT 2024"]
[Source "ChessBase"]
[SourceDate "2023.10.10"]
[SourceVersion "1"]
[SourceVersionDate "2023.10.10"]
[SourceQuality "1"]

1. e4 e5 2. Nf3 Nc6 3. d4 exd4 4. Nxd4 Bb4+ 5. c3 Bc5 6. Nxc6 bxc6 7. Bd3 d6 8. Nd2 Nf6 9. 0-0 0-0 10. h3 Re8 11. a4 a5 12. Nb3 Bb6 13. Qf3 Nd7 14. Qg3 Ne5 15. Bc2 Ba6 16. Re1 Qf6 17. Nd4 Bxd4 18. cxd4 Nd7 19. Bd2 c5 20. dxc5 Nxc5 21. Bc3 Qg6 22. Qxg6 hxg6 23. Re3 Bb7 24. Rae1 Bc6 25. b3 f6 26. f4 Reb8 27. e5 dxe5 28. fxe5 f5 29. Rg3 Be4 30. Bd1 f4 31. Bd4 Ne6 32. Rc3 Bd5 33. Bf2 Kf7 34. Bc2 Rb7 35. h4 Rab8 36. g3 Bxb3 37. Be4 Rb4 38. gxf4 Rxe4 39. Rxe4 Bd5 40. Re1 Rb4 41. Bg3 Rxa4 42. Rec1 Ra2 43. Rxc7+ Nxc7 44. Rxc7+ Ke6 45. Be1 a4 46. Bb4 a3 47. Bxa3 Rxa3 48. Rxg7 Be4 49. Kh2 Rf3 50. h5 gxh5 51. Rg8 Rxf4 52. Re8+ Kf7 53. Rb8 Bg6 54. Kg3 Re4 55. Rb5 Ke6 56. Rb6+ Kf5 57. Rf6+ Kg5 58. Re6 h4+ 59. Kf3 h3 60. Kg3 Re3+ 61. Kh2 Re2+ 0-1

[Event "Ghent Taminco op 37th"]
[Site "Ghent"]
[Date "2014.07.22"]
[Round "7"]
[White "Roos, David"]
[Black "Szeberenyi, Adam"]
[Result "0-1"]
[WhiteElo "2097"]
[BlackElo "2316"]
[PlyCount "68"]
[EventDate "2014.07.19"]
[EventType "swiss"]
[EventRounds "9"]
[EventCountry "BEL"]
[SourceTitle "CBM 161 Extra"]
[Source "ChessBase"]
[SourceDate "2014.08.29"]
[SourceVersion "1"]
[SourceVersionDate "2014.08.29"]
[SourceQuality "1"]

1. e4 c5 2. Nf3 e6 3. d4 cxd4 4. Nxd4 a6 5. c4 Nf6 6. Nc3 Bb4 7. Bd3 Nc6 8. Nxc6 dxc6 9. 0-0 e5 10. h3 0-0 11. Ne2 Be6 12. Qc2 Bc5 13. Rb1 a5 14. Bg5 h6 15. Bh4 g5 16. Bg3 Nd7 17. a3 Be7 18. Nc3 f6 19. Be2 Bf7 20. Bg4 Nc5 21. b4 axb4 22. axb4 Ne6 23. Bxe6 Bxe6 24. c5 Qd4 25. Rfc1 Rfd8 26. Qe2 Ra3 27. b5 Rxc3 28. Rxc3 Qxc3 29. bxc6 bxc6 30. Qh5 Bf7 31. Qxh6 Qxc5 32. h4 g4 33. Rc1 Qd6 34. Kh2 c5 0-1

[Event "Ghent Taminco op 36th"]
[Site "Ghent"]
[Date "2013.07.22"]
[Round "6"]
[White "Roos, David"]
[Black "Verstraeten, Reinaert"]
[Result "1/2-1/2"]
[WhiteElo "2073"]
[BlackElo "2283"]
[PlyCount "70"]
[EventDate "2013.07.20"]
[EventType "swiss"]
[EventRounds "9"]
[EventCountry "BEL"]
[SourceTitle "CBM 155 Extra"]
[Source "ChessBase"]
[SourceDate "2013.08.26"]
[SourceVersion "1"]
[SourceVersionDate "2013.08.26"]
[SourceQuality "1"]

1. e4 g6 2. d4 Bg7 3. Nc3 d6 4. Be2 a6 5. Be3 b5 6. Qd2 Bb7 7. f3 Nd7 8. a4 b4 9. Nd1 a5 10. c3 c5 11. h4 h5 12. Nh3 cxd4 13. cxd4 e5 14. Ng5 Ne7 15. d5 Rc8 16. Rc1 Rxc1 17. Qxc1 0-0 18. g4 Nf6 19. Rg1 hxg4 20. fxg4 Nxe4 21. Nxe4 Nxd5 22. Bg5 Qb6 23. Ndf2 Rc8 24. Qd2 b3 25. Bd3 f6 26. Bh6 Rc2 27. Bxc2 bxc2 28. Bxg7 Qb4 29. Ke2 Nf4+ 30. Ke3 Qb6+ 31. Kf3 Bxe4+ 32. Kxe4 Qc6+ 33. Ke3 Ng2+ 34. Ke2 Nf4+ 35. Ke3 Ng2+ 1/2-1/2

[Event "BEL-ch op"]
[Site "Antwerp"]
[Date "2013.07.08"]
[Round "3"]
[White "Noiroux, Kevin"]
[Black "Roos, David"]
[Result "0-1"]
[WhiteElo "2243"]
[BlackElo "2073"]
[PlyCount "154"]
[EventDate "2013.07.06"]
[EventType "swiss"]
[EventRounds "9"]
[EventCountry "BEL"]
[SourceTitle "CBM 155 Extra"]
[Source "ChessBase"]
[SourceDate "2013.08.26"]
[SourceVersion "1"]
[SourceVersionDate "2013.08.26"]
[SourceQuality "1"]

1. d4 Nf6 2. Nf3 g6 3. Bg5 Bg7 4. Nbd2 0-0 5. c3 d6 6. e4 c5 7. dxc5 dxc5 8. Bc4 Nc6 9. Qe2 h6 10. Bh4 Nh5 11. Qe3 b6 12. a4 Qc7 13. Bg3 e5 14. 0-0 Bg4 15. Rfe1 Rad8 16. Nh4 Nf4 17. f3 Be6 18. Bf1 Bf6 19. Nc4 Bg5 20. Qf2 Nd3 21. Bxd3 Rxd3 22. Ne3 c4 23. Re2 Rfd8 24. Rae1 Be7 25. Qf1 Bc5 26. Bf2 Qe7 27. g3 Qg5 28. Kh1 Kh7 29. Qg1 Rd2 30. Qf1 Rxe2 31. Rxe2 a6 32. Bg1 b5 33. axb5 axb5 34. f4 exf4 35. Qxf4 Ne5 36. Nd5 Bxg1 37. Kxg1 Bxd5 38. exd5 Qxf4 39. gxf4 Nd3 40. Re7 Kg7 41. f5 g5 42. Nf3 Rxd5 43. Nd4 Nxb2 44. Rb7 Nd1 45. Nxb5 Rxf5 46. Nd4 Rf6 47. h4 Nxc3 48. Rc7 Nd1 49. Rxc4 Rf4 50. h5 Nb2 51. Rb4 Nd3 52. Ra4 Ne1 53. Ra1 Rxd4 54. Rxe1 Rh4 55. Kg2 Rxh5 56. Re4 Kg6 57. Ra4 Rh4 58. Ra6+ f6 59. Rb6 Rf4 60. Rb8 h5 61. Re8 Kf5 62. Re3 Kg4 63. Rg3+ Kf5 64. Re3 h4 65. Kh3 g4+ 66. Kg2 Ra4 67. Re2 Kg5 68. Rb2 f5 69. Rc2 Ra5 70. Rb2 f4 71. Rc2 h3+ 72. Kh2 Kh4 73. Rc1 g3+ 74. Kh1 Ra4 75. Rb1 Re4 76. Rf1 g2+ 77. Kh2 gxf1N+ 0-1

[Event "BEL-chT 1213"]
[Site "Belgium"]
[Date "2013.02.17"]
[Round "9.4"]
[White "Marechal, Andy"]
[Black "Roos, David"]
[Result "0-1"]
[WhiteElo "2346"]
[BlackElo "2122"]
[PlyCount "74"]
[EventDate "2012.09.23"]
[EventType "team-tourn"]
[EventRounds "11"]
[EventCountry "BEL"]
[SourceTitle "EXT 2014"]
[Source "ChessBase"]
[SourceDate "2013.11.20"]
[SourceVersion "1"]
[SourceVersionDate "2013.11.20"]
[SourceQuality "1"]
[WhiteTeam "Fontaine"]
[BlackTeam "Zottegem"]
[WhiteTeamCountry "BEL"]
[BlackTeamCountry "BEL"]

1. e4 e5 2. Nf3 Nc6 3. Bc4 Bc5 4. c3 Nf6 5. d3 a6 6. Bb3 Ba7 7. h3 h6 8. Nbd2 d6 9. Nf1 Be6 10. Ng3 d5 11. Qe2 Qd6 12. 0-0 0-0-0 13. Re1 dxe4 14. Bxe6+ Qxe6 15. dxe4 g6 16. Nh2 Nd7 17. Be3 Nc5 18. Nhf1 f5 19. Bxc5 Bxc5 20. b4 Bb6 21. Nd2 f4 22. Ngf1 Kb8 23. a4 a5 24. bxa5 Nxa5 25. Reb1 g5 26. Rb5 h5 27. Rab1 g4 28. Rxa5 gxh3 29. Rxb6 cxb6 30. Rb5 Rdg8 31. g3 h4 32. Qd3 hxg3 33. fxg3 fxg3 34. Nxg3 Rxg3+ 35. Qxg3 Rg8 36. Nf1 Rxg3+ 37. Nxg3 Qa2 0-1

[Event "BEL-chT 1213"]
[Site "Belgium"]
[Date "2013.02.03"]
[Round "8.4"]
[White "Roos, David"]
[Black "Polaczek, Richard"]
[Result "0-1"]
[WhiteElo "2122"]
[BlackElo "2398"]
[PlyCount "50"]
[EventDate "2012.09.23"]
[EventType "team-tourn"]
[EventRounds "11"]
[EventCountry "BEL"]
[SourceTitle "EXT 2014"]
[Source "ChessBase"]
[SourceDate "2013.11.20"]
[SourceVersion "1"]
[SourceVersionDate "2013.11.20"]
[SourceQuality "1"]
[WhiteTeam "Zottegem"]
[BlackTeam "Eynatten"]
[WhiteTeamCountry "BEL"]
[BlackTeamCountry "BEL"]

1. e4 Nf6 2. e5 Nd5 3. d4 d6 4. c4 Nb6 5. f4 dxe5 6. fxe5 c5 7. d5 g6 8. Nc3 Bg7 9. Bf4 0-0 10. Be2 e6 11. d6 Nc6 12. Nf3 Nd7 13. Qd2 Ndxe5 14. Nxe5 Bxe5 15. 0-0-0 Bxf4 16. Qxf4 e5 17. Qe3 Nd4 18. d7 Bxd7 19. Qxe5 Re8 20. Qd5 Nxe2+ 21. Nxe2 Rxe2 22. Qxd7 Qg5+ 23. Rd2 Qxg2 24. Rhd1 Rxd2 25. Rxd2 Qf1+ 0-1

[Event "BEL-chT 1213"]
[Site "Belgium"]
[Date "2013.01.13"]
[Round "7.5"]
[White "Roos, David"]
[Black "Wiersma, Eelke"]
[Result "0-1"]
[WhiteElo "2122"]
[BlackElo "2373"]
[PlyCount "84"]
[EventDate "2012.09.23"]
[EventType "team-tourn"]
[EventRounds "11"]
[EventCountry "BEL"]
[SourceTitle "EXT 2014"]
[Source "ChessBase"]
[SourceDate "2013.11.20"]
[SourceVersion "1"]
[SourceVersionDate "2013.11.20"]
[SourceQuality "1"]
[WhiteTeam "Zottegem"]
[BlackTeam "KGSRL"]
[WhiteTeamCountry "BEL"]
[BlackTeamCountry "BEL"]

1. e4 c5 2. Nf3 Nc6 3. d4 cxd4 4. Nxd4 e6 5. Nc3 Qc7 6. Be2 a6 7. Be3 b5 8. Nxc6 dxc6 9. f4 Bb7 10. 0-0 Be7 11. Qe1 Nf6 12. a3 c5 13. e5 Nd7 14. Qg3 0-0 15. Bf3 c4 16. Bxb7 Qxb7 17. Kh1 Nc5 18. f5 exf5 19. Bh6 Ne6 20. Rxf5 a5 21. a4 b4 22. Nb5 Qe4 23. Raf1 Rad8 24. Nd6 Qxc2 25. h3 Bxd6 26. exd6 Qxb2 27. Bg5 Nxg5 28. Qxg5 Rxd6 29. Qe7 Rf6 30. Rxf6 gxf6 31. Rxf6 Qc1+ 32. Kh2 Qg5 33. Qd6 c3 34. Rf1 c2 35. Qc7 b3 36. Qc3 Rb8 37. Qc7 Rf8 38. Qc3 h6 39. g3 Rd8 40. Qf3 c1Q 41. Qxf7+ Kh8 42. Rxc1 Qd2+ 0-1

[Event "BEL-chT 1213"]
[Site "Belgium"]
[Date "2012.09.23"]
[Round "1.4"]
[White "Roos, David"]
[Black "Wemmers, Xander"]
[Result "0-1"]
[WhiteElo "2122"]
[BlackElo "2353"]
[PlyCount "78"]
[EventDate "2012.09.23"]
[EventType "team-tourn"]
[EventRounds "11"]
[EventCountry "BEL"]
[SourceTitle "CBM 150 Extra"]
[Source "ChessBase"]
[SourceDate "2012.10.19"]
[SourceVersion "1"]
[SourceVersionDate "2012.10.19"]
[SourceQuality "1"]
[WhiteTeam "Zottegem"]
[BlackTeam "Borgerhout"]
[WhiteTeamCountry "BEL"]
[BlackTeamCountry "BEL"]

1. e4 e5 2. Nf3 Nc6 3. d4 exd4 4. Nxd4 Nf6 5. Nxc6 bxc6 6. e5 Qe7 7. Qe2 Nd5 8. c4 Nb6 9. f4 Qe6 10. Nd2 a5 11. Nf3 Ba6 12. b3 Bc5 13. Be3 Bb4+ 14. Bd2 Qf5 15. a3 Bc5 16. Qd3 Qxd3 17. Bxd3 Be7 18. a4 Nd5 19. Ke2 Nb4 20. Bxb4 Bxb4 21. Rac1 Ba3 22. Rc2 Rb8 23. Nd2 Bc5 24. Rb1 Rb4 25. Ne4 Be7 26. Ke3 d6 27. g3 dxe5 28. fxe5 0-0 29. c5 Bxd3 30. Kxd3 Rd8+ 31. Nd6 cxd6 32. cxd6 f6 33. Ke3 Bf8 34. exf6 Rxd6 35. fxg7 Bxg7 36. Kf3 Rd3+ 37. Kg2 Rdxb3 38. Rxb3 Rxb3 39. Rxc6 Rb4 0-1

[Event "Ghent Taminco op 35th"]
[Site "Ghent"]
[Date "2012.07.14"]
[Round "2"]
[White "Biemans, Erik"]
[Black "Roos, David"]
[Result "0-1"]
[WhiteElo "1934"]
[BlackElo "2164"]
[PlyCount "88"]
[EventDate "2012.07.14"]
[EventType "swiss"]
[EventRounds "9"]
[EventCountry "BEL"]
[SourceTitle "CBM 149 Extra"]
[Source "ChessBase"]
[SourceDate "2012.08.24"]
[SourceVersion "1"]
[SourceVersionDate "2012.08.24"]
[SourceQuality "1"]

1. e4 c5 2. Nf3 d6 3. c4 Nc6 4. d4 cxd4 5. Nxd4 Nf6 6. Nc3 e6 7. Be2 Be7 8. 0-0 a6 9. Be3 0-0 10. Rc1 Bd7 11. Qd2 Rc8 12. f3 Qc7 13. Nd5 exd5 14. cxd5 Nxd4 15. Rxc7 Nxe2+ 16. Qxe2 Rxc7 17. Rc1 Rfc8 18. Rxc7 Rxc7 19. Qd2 Bf8 20. Qa5 Ne8 21. Qb6 f5 22. h3 fxe4 23. fxe4 Bb5 24. Kh2 Re7 25. Bd2 Bd3 26. Qd4 Bb1 27. Bg5 Re5 28. Qd1 Bxe4 29. Bf4 Rxd5 30. Qb3 b5 31. Qe3 Nf6 32. Qb6 Nh5 33. Be3 Rd3 34. Kg1 Ng3 35. Kf2 Nf5 36. Bf4 Nh4 37. Qd8 Nxg2 38. Bg5 Bd5 39. Be7 Rf3+ 40. Kg1 Ne3 41. Bxf8 Rxf8 42. Qe7 Rf1+ 43. Kh2 Rh1+ 44. Kg3 Nf5+ 0-1

[Event "BEL-ch op"]
[Site "Lommel"]
[Date "2012.07.02"]
[Round "3"]
[White "Roos, David"]
[Black "Barbier, Wiebke"]
[Result "1-0"]
[WhiteElo "2114"]
[BlackElo "1937"]
[PlyCount "81"]
[EventDate "2012.06.30"]
[EventType "swiss"]
[EventRounds "9"]
[EventCountry "BEL"]
[SourceTitle "EXT 2013"]
[Source "ChessBase"]
[SourceDate "2012.11.22"]
[SourceVersion "1"]
[SourceVersionDate "2012.11.22"]
[SourceQuality "1"]

1. d4 d6 2. c4 Nf6 3. Nf3 Nbd7 4. Nc3 e5 5. e4 c6 6. Be2 g6 7. 0-0 Bg7 8. Be3 0-0 9. d5 Ne8 10. Ne1 f5 11. f3 f4 12. Bf2 c5 13. Rb1 g5 14. b4 b6 15. Qa4 Ndf6 16. Bd1 h5 17. Qa3 g4 18. Ba4 Bd7 19. Bc6 Bxc6 20. dxc6 Qc7 21. Nd5 Nxd5 22. cxd5 Rf6 23. Nc2 Rg6 24. Be1 Qe7 25. bxc5 dxc5 26. Rxb6 gxf3 27. Rxf3 Nd6 28. Rfb3 Qg5 29. Rb8+ Kh7 30. g3 Rxb8 31. Rxb8 Qg4 32. c7 Qe2 33. Qxc5 fxg3 34. hxg3 Rf6 35. Bf2 Nxe4 36. c8Q Rxf2 37. Qg8+ Kh6 38. Qe3+ Qxe3 39. Nxe3 Rxa2 40. Nf5+ Kg6 41. Ne7+ 1-0

[Event "Amantea op-A 9th"]
[Site "Amantea"]
[Date "2011.09.08"]
[Round "5"]
[White "Roos, David"]
[Black "Gregori, Giacomo"]
[Result "0-1"]
[WhiteElo "2011"]
[BlackElo "1993"]
[PlyCount "134"]
[EventDate "2011.09.04"]
[EventType "swiss"]
[EventRounds "9"]
[EventCountry "ITA"]
[SourceTitle "CBM 144 Extra"]
[Source "ChessBase"]
[SourceDate "2011.10.28"]
[SourceVersion "1"]
[SourceVersionDate "2011.10.28"]
[SourceQuality "1"]

1. e4 d6 2. d4 Nf6 3. Nc3 c6 4. f4 Qa5 5. Bd3 e5 6. Nf3 Bg4 7. fxe5 dxe5 8. dxe5 Nfd7 9. e6 Bxe6 10. Ng5 Bb4 11. Nxe6 Bxc3+ 12. bxc3 fxe6 13. 0-0 Nf6 14. Rb1 b6 15. Bf4 Qc5+ 16. Kh1 e5 17. Bg3 Nbd7 18. Qd2 0-0 19. a4 Rad8 20. Rf5 Kh8 21. Qg5 Rde8 22. Rbf1 Qxc3 23. h4 Qc5 24. h5 h6 25. Qg6 Qe7 26. Bc4 Rd8 27. Bh4 Rc8 28. g4 Qe8 29. g5 Qxg6 30. hxg6 Nxe4 31. gxh6 Rxf5 32. Rxf5 Rf8 33. Bf7 gxh6 34. Rf3 Ng5 35. Rg3 Kg7 36. Bxg5 hxg5 37. Rxg5 e4 38. Kg2 Nf6 39. Re5 Rd8 40. Re7 Rd7 41. Re6 c5 42. Kg3 Nd5 43. Rxe4 Ne7 44. Re6 Nf5+ 45. Kf4 Nd6 46. Ke5 Nxf7+ 47. gxf7 Kxf7 48. Rd6 Ke7 49. Rh6 Kd8 50. a5 Kc7 51. axb6+ axb6 52. Rh4 Kb7 53. Ra4 b5 54. Rh4 Kb6 55. c3 Rd3 56. Rh6+ Ka5 57. c4 bxc4 58. Ke4 Rd4+ 59. Ke3 c3 60. Rh1 Kb4 61. Rb1+ Ka3 62. Rb5 Rc4 63. Kd3 c2 64. Kxc4 c1Q+ 65. Kd5 c4 66. Rb8 c3 67. Kc4 Qf4+ 0-1

[Event "Amantea op-A 9th"]
[Site "Amantea"]
[Date "2011.09.05"]
[Round "2"]
[White "Mladenov, Plamen"]
[Black "Roos, David"]
[Result "1-0"]
[WhiteElo "2371"]
[BlackElo "2011"]
[PlyCount "81"]
[EventDate "2011.09.04"]
[EventType "swiss"]
[EventRounds "9"]
[EventCountry "ITA"]
[SourceTitle "CBM 144 Extra"]
[Source "ChessBase"]
[SourceDate "2011.10.28"]
[SourceVersion "1"]
[SourceVersionDate "2011.10.28"]
[SourceQuality "1"]

1. d4 Nf6 2. Bg5 c5 3. d5 Ne4 4. Bf4 Qb6 5. Bc1 e5 6. f3 Nd6 7. e4 f5 8. Nc3 Be7 9. exf5 Nxf5 10. Bd3 0-0 11. Be4 d6 12. Qd3 Na6 13. a3 Bd7 14. g4 Bh4+ 15. Kd1 c4 16. Qxc4 Rac8 17. Qf1 Ne3+ 18. Bxe3 Qxb2 19. Rb1 Qxc3 20. Bd2 Qc7 21. Bb4 Bxg4 22. Qd3 Bd7 23. Bxh7+ Kh8 24. Ne2 Ba4 25. Be4 Qb6 26. Nc3 Bd7 27. Rb3 Rf4 28. Ne2 Rf6 29. Be1 Nc5 30. Rxb6 Nxd3 31. Bxh4 axb6 32. cxd3 Rf7 33. Kd2 Bf5 34. Rb1 Ra8 35. Rxb6 Rxa3 36. Rxd6 Bxe4 37. fxe4 Rf3 38. Nc1 Ra1 39. Rd8+ Kh7 40. d6 Rf1 41. Rc8 1-0